Obálka Náhled e-knihy:
PDF Epub
Pro půjčování e-knih musíte být přihlášeni.
Jak si půjčit online?

Návrat Medicejů /

Další dramatický thriller s bývalým vládním agentem Cottonem Malonem, který tentokrát rozkrývá okolnosti obrovského finančního skandálu Vatikánské banky.

Uloženo v:
Série:Cotton Malone, část 19
Hlavní autor: Berry, Steve, 1955- (Autor)
Další autoři: Verner, Martin (Autor)
Médium: E-kniha
Jazyk:Czech
Vydáno: Praha : Kniha Zlín, 2026
Vydání:Vydání první
Témata:
Příbuzné jednotky:Z cyklu:: Cotton Malone
Tagy:
Žádné tagy
LEADER 02594nam a2200457 i 4500
001 312930
003 CZ PrSKC
005 20260601215731.0
007 ta
008 260310s2026 xr g 000 f cze
015 |a cnb003744291 
020 |a 9788025911051  |q (vázáno) 
035 |a (OCoLC)1584376529 
040 |a ABG001  |b cze  |e rda 
041 1 |a cze  |h eng 
072 7 |a 821.111(73)-3  |x Americká próza  |2 Konspekt 
080 |a 821.111(73)-31  |2 MRF 
080 |a (0:82-312.4)  |2 MRF 
100 1 |a Berry, Steve,  |d 1955-  |7 xx0039170  |4 aut 
240 1 0 |a Medici return.  |l Česky 
245 1 0 |a Návrat Medicejů /  |c Steve Berry ; z anglického originálu The Medici return ... přeložil Martin Verner 
250 |a Vydání první 
264 1 |a Praha :  |b Kniha Zlín,  |c 2026 
300 |a 425 stran ;  |c 22 cm 
336 |a text  |b txt  |2 rdacontent 
337 |a bez média  |b n  |2 rdamedia 
338 |a svazek  |b nc  |2 rdacarrier 
520 2 |a Další dramatický thriller s bývalým vládním agentem Cottonem Malonem, který tentokrát rozkrývá okolnosti obrovského finančního skandálu Vatikánské banky.  |b Když se Cotton Malone pustí do vyšetřování podezřelého kardinála, netuší, že stojí na prahu největšího finančního skandálu v dějinách církve. Statisíce eur, mrtvý člen švýcarské gardy a nájemný vrah spouštějí lavinu událostí, které vedou až do srdce Sieny a Florencie. Malone se vydává po stopách tajného dokumentu papeže Julia II., jenž odhaluje vatikánský dluh v hodnotě miliard dolarů, a s ním ožívá i rod, který dějiny pohřbily: Medicejové. Jejich potomek chce využít minulosti k ovládnutí současné Itálie. Nakladatelská anotace. 
655 7 |a americké romány  |7 fd131796  |2 czenas 
655 7 |a thrillery (romány)  |7 fd184206  |2 czenas 
655 9 |a American fiction  |2 eczenas 
655 9 |a thrillers (novels)  |2 eczenas 
700 1 |a Verner, Martin  |7 ola2003193649  |4 trl 
710 2 |a Nakladatelství Kniha Zlin  |7 xx0231594  |4 pbl 
787 0 8 |i Z cyklu:  |t Cotton Malone  |g 19 
900 |a ABA001  |b 20 
928 9 |a Albatros Media - Kniha Zlin 
044 |a xr 
910 |a RBIT002 
998 |d 425318  |a https://core.palmknihy.cz/api/books/425318/cover?tbibok  |b https://core.palmknihy.cz/api/books/425318/cover/400?tbibok  |c https://core.palmknihy.cz/api/books/425318/cover/50?tbibok  |e 2030-03-04  |g 440  |i 9788025911051  |j https://core.palmknihy.cz/api/books/425318/preview.epub  |k https://core.palmknihy.cz/api/books/425318/preview.pdf  |l   |q 49  |r 1  |s https://www.palmknihy.cz/kniha/425318  |t ebook  |y 2026  |z 0  |v Cotton Malone  |w 19 
999 |d 312928